000
00321nam a22001457a 4500
008
230518b ||||| |||| 00| 0 eng d
020
_a
9780415397254
041
_a
eng
080
_a
339.9
082
_a
339.9CLA
100
_a
24
101
_a
IAM
245
_a
THE WORLD'S RELIGIONS
_c
CLARKE .B .P
942
_2
udc
_c
BK
999
_c
59777
_d
59777